| 000 | 00399nam a2200145 i 4500 | ||
|---|---|---|---|
| 001 | 80791 | ||
| 003 | ES-MaACL | ||
| 007 | t| | ||
| 008 | 041029s1970 ho ||||1| spa d | ||
| 245 | 0 | 0 |
_aHonduras en la integración económica _b: (informe). |
| 260 |
_aTegucigalpa : _b[s.n., _c1970] |
||
| 300 |
_a213 fol. ; _c28 cm. |
||
| 505 | 8 | _aContiene: T.I. Análisis | |
| 852 |
_aES-MaACL _jE-8247 _bR.92874 |
||
| 999 |
_c80791 _d80791 |
||